Entrepreneurial you : monetize your expertise, create multiple income streams and thrive

Bibliographic Details
Main Author: Clark, Dorie
Format: Book
Published: Boston, Massachusetts : Harvard Business Review Press , 2017
Subjects:

MARC

LEADER 00000cam a2200000 7i4500
001 0000229708
005 20190122.0
020 |a 9781633692275 
090 0 0 |a 650.1   |b CLA 
100 1 |a Clark, Dorie 
245 1 0 |a Entrepreneurial you :   |b monetize your expertise, create multiple income streams and thrive   |c by Dorie Clark 
260 |a Boston, Massachusetts :   |b Harvard Business Review Press ,   |c 2017 
300 |a 254p. ;   |c 22cm. 
650 0 |a Career development 
650 0 |a Entrepreneurship 
650 0 |a Expertise   |x Economic aspects 
999 |a 00366066   |b BUKU   |c PINJAMAN   |e PERPUSTAKAAN KOMUNITI PETALING JAYA